| 000 | 00516cam a2200169 a 4500 | ||
|---|---|---|---|
| 020 | _a0412214504 (pbk.) | ||
| 082 | 0 | 0 |
_a624.171 _bNEA _cD. |
| 100 | 1 |
_aNeal, B. G. _942760 |
|
| 245 | 1 | 4 |
_aThe plastic methods of structural analysis / _cB.G. Neal. |
| 250 | _a3rd ed. | ||
| 260 |
_aLondon ; _aNew York : _bChapman and Hall, _c1985, c1977. |
||
| 300 |
_axii, 205 p. ; _c23 cm. |
||
| 526 |
_a0 _b0 _c0 _d624_171000000000000_NEA |
||
| 650 | 0 |
_aMCE _9379 |
|
| 650 | 0 |
_aPlastic analysis (Engineering) _919041 |
|
| 942 |
_2ddc _cBK |
||
| 999 |
_c546737 _d546737 |
||